00779nam a2200205 a 450000100100000000500170001000800410002704000250006808200080009311000270010124500570012826001000018530000200028549000320030549000250033750400740036250500780043683000330051483000260054700002992420200930055919.0110427s2004 dr 000 0 spa d aDO-SdBNPbspacBNPHU axxx aCuadernos Municipales.10aFinanzas municipales :bEl manual del ayuntamiento/. aSanto Domingo :bComisión Presidencial para la reforma y modernización del Estado,c[s.f.]. a59 p. ;c20 cm.1 aCuaderno MunicipalesvNo. 31 aBiblioteca Municipal aIncluye referencias bibliográficas y notas al pie de las páginas. aIngresos - egresos - presupuestos - empréstitos - pagos - contabilidad. 0aCuadernos MunicipalesvNo. 3 0aBiblioteca Municipal.